000 00590nam a2200241 a 4500
001 0001-1357
003 ELIB.Books
008 151028 2010 eng
020 _a0944344852
035 _a(ELIB.Books)0001-1512
092 _a230
_bArm
100 _aArmstrong, Karen.
245 _aThe Once & Future Faith
260 _aCalifornia
_bPolebridge
_c2001
300 _a187
_c23 Cm
500 _aC/o Par Si Thu
650 _aTheology
856 _nKBTS: Library
_uKBTS: Elib
942 _2ddc
_cBK
990 _a1
998 _cbat
_e2015-10-28
999 _c11357
_d11357